Представление документа в формате RUSMARC

ПолеНазваниеЗначение
  Тип записи a
  Библиографический уровень m
001 Контрольный номер RU/IS/BASE/458059723
005 Дата корректировки 20240209174524.3
010 Индекс ISBN __
a ISBN 978-5-905626-56-2
b Уточнения в пер.
d Цена 60 р. 00 к.
9 Тираж 1 000 экз.
100 Данные общей обработки __
a Данные общей обработки 20140707d2014 ||| 0rusy0189 ca
101 Язык документа 0_
a Язык текста rus
102 Страна публикации __
a Страна публикации RU
105 Кодированные данные (монография) __
a Кодированные данные (монография) y###||||000|y
200 Заглавие и сведения об ответственности 1_
a Заглавие Естественный роман
b Общее обозначение материала Текст
f Первые сведения об ответственности Г. Господинов
g Последующие сведения об ответственности пер. с болг. М. Ширяевой
210 Выходные данные 1_
a Место издания Москва
c Издательство Центр книги Рудомино
d Дата издания 2012
215 Физическое описание __
a Объем 190, [1] с.
d Формат 20,5 см.
225 Серия 0_
a Серия Новый болгарский роман
300 Общие примечания __
a Общие примечания Ограничения по возрасту - 16+
606 Тематические рубрики 0_
a Основная рубрика Болгарская литература, 20-21 вв. - Проза
610 Ключевые слова 0_
a Ключевые слова литература болгарская
a Ключевые слова постмодернизм
a Ключевые слова фасеточный роман
a Ключевые слова семья
a Ключевые слова взаимоотношения
a Ключевые слова развод
a Ключевые слова истории житейские
686 Индексы других классификаций __
a Классификационный индекс 84(4Бол)
2 Код системы ББК
700 Автор _0
a Фамилия Господинов
b Имя (инициалы) Георги
g Полное личное имя Г.
801 Источник записи _0
a Страна RU
b Организация МБУК ЦБС г. Ульяновска
c Дата составления 20140707
g Правила каталогизации RCR
801 Источник записи _1
a Страна RU
b Организация МБУК ЦБС г. Ульяновска
c Дата составления 20140707
g Правила каталогизации RCR
899 Данные о местонахождении __
i Авторский знак Г 72
j Расстановочный фильтр И(Болг)
901 Тип документа __
t Тип документа m
910 Корректоры записи __
a Корректор записи Хисамова